000 00684nam a22002537a 4500
001 37949
003 UA-OsUOA
005 20210813110558.0
007 ta
008 20060420b un ||||| |||| 00| 0 ukr d
020 _a2070111261
040 _aUA-OsUOA
_bukr
_cUA-OsUOA
_dUA-OsUOA
041 _aukr
080 _a821.133,1
090 _a821.133,1
_bП85
100 _aПруст Марсель
245 _aУ пошуках утраченого часу
_bтвори у 7 т.
260 _aК.
_bЮНІВЕРС
_c2001
300 _a336 с.
505 _gТ.5
650 7 _a82 Література. Літературознавство
_2UDC
942 _cBK
_2udc
955 _a3
999 _c324117
_d324117